The Wanted Quiz - Statistics

General Stats
  • This quiz has been taken 263 times
    46 since last reset
  • The average score is 9 of 24
Answer Stats
Hint Answer % Correct
Name their first single to be released in the uk? All Time Low
88%
What Year did the band form? 2009
55%
What Pet does Jay have? Lizard
52%
Where is Max From? Manchester
52%
What is Tom from? Bolton
48%
Where is Siva From? Dublin
45%
What is Nathan's Sister called? Jess sykes
45%
What is Nathan's full name? Nathan James Sykes
45%
What is Siva's twin Brother called? Kumar Kaneswaren
42%
What is Jay's twin Brother Called? Tom Mcguiness
42%
Who is Siva's Girlfriend? Nareesha McCaffrey
39%
Where is Nathan from? Gloucester
36%
Who is the Oldest Member of the band? Tom Parker
36%
Who is Tom's Girlfriend? Kelsey (Belle) Hardwick
33%
Where is Jay from? Nottingham
33%
What day do all the fans recive a video mailer? Wanted Wednesday
30%
What is their Current Album Called? Battleground
27%
What is Tom's full name? Thomas Anthony Parker
27%
Which Record label are The Wanted signed to? Geffen, Island, Mercury
24%
What Is Max's full name name? Maximillian Alberto George
24%
What is Jay's real full name? James Mcguiness
21%
Who is their manager? Scooter Braun
21%
What is their Bodyguard called? Kevin Myers (Big Kev)
15%
What is the pet's name? Neytiri (tia)
15%
No matching quizzes found
Score Distribution
Percent of People with Each Score
Percentile by Number Answered
Your Score History
You have not taken this quiz since the last reset